Φορτώνει......
Introduction to vectors and tensors : Vector and tensor analysis /
| Κύριος συγγραφέας: | |
|---|---|
| Άλλοι συγγραφείς: | |
| Γλώσσα: | Undetermined |
| Έκδοση: |
New York
Plenum press
1976
|
| Έκδοση: | 2nd ed. |
| Θέματα: |
| LEADER | 00579nam a2200181Ia 4500 | ||
|---|---|---|---|
| 001 | 15930 | ||
| 008 | 170722s9999 xx 000 0 und d | ||
| 100 | |a Bowen Ray M. | ||
| 245 | |a Introduction to vectors and tensors : |b Vector and tensor analysis / | ||
| 250 | |a 2nd ed. | ||
| 260 | |b Plenum press |a New York |c 1976 | ||
| 300 | |a 245-434 |c 23 cm. | ||
| 653 | |a Mathematics | ||
| 653 | |a Vector Calculus | ||
| 700 | |a Wang, C. C. | ||
| 942 | |c GEN | ||
| 999 | |c 8805 |d 8805 | ||
| 952 | |0 0 |1 0 |4 0 |6 B_466_000000000000000_L6_2 |7 0 |9 10011 |a LIB |b LIB |d 2013-03-25 |o B466 L6.2 |p 172858 |r 2017-08-12 |w 2017-08-12 |y GEN | ||